000 00426nam a22001697a 4500
003 NUST - PNEC
005 20170116181122.0
008 151005b xxu||||| |||| 00| 0 eng d
020 _a-
040 _cLIBRARY
082 _a793.735491 KHA
100 _913538
_aKhan, Tanveer Ahmad
245 _aMaloomat roshan Pakistan
_cTanveer Ahmad Khan
260 _cc.1997
650 _913539
_aPakistan
_xGeneral
942 _2ddc
_cBK
999 _c69596
_d69596